000
00310nam a22001217a 4500
008
160430b xxu||||| |||| 00| 0 eng d
020
_a
9780944398739
020
_a
0944398723
041
_a
eng
080
_a
612.39
245
_a
Present knowledge in nutrition;
_c
Ekhard E. Ziegler; L.J. Filer;
942
_2
udc
_c
BK
999
_c
1705
_d
1705